000 00465cam a2200193 4500
001 D6520
008 090401t1976 xxu||||| |||| 00| 0 eng d
035 _a(Sirsi) u1261
041 _aeng
050 _a346.41077
110 _aEngland and Wales
_bLaw Commission
_93302
245 _aInterest: working paper no 66
260 _aLondon
_bHMSO
_c1976
300 _a85p. 21cm
350 _a1.15
490 _aWorking Paper
_v66
942 _n0
948 _c04/03/1997
999 _c85650
_d85650